| 000 | 01262 a2200193 4500 | ||
|---|---|---|---|
| 003 | NUST | ||
| 005 | 20230124185713.0 | ||
| 010 | _a37030936 | ||
| 040 | _cNust | ||
| 082 | _a823,QUI | ||
| 100 |
_aQuiller-Couch, Arthur Thomas, Sir, _9107580 |
||
| 245 |
_aThe splendid spur : _bbeing memoirs of the adventures of Mr. John Marvel, a servant of His late Majesty King Charles I., in the years 1642-3: / _cA. T. Quiller-Couch, |
||
| 260 |
_aGarden City, N.Y., _bGarden City publishing co., inc _c1937 |
||
| 300 | _aviii, 287 p.; | ||
| 505 | _aThe Bowling Green Of The Crown (Page-3),The Young Man In The Cloak(Page-13),I Find Myself In A Tavern (Page-22), I Take The Road(Page-38),My Adventure At The Three Cups (Page-53),The Flight In The Pine Wood (Page-69), I Find The Comrade(Page-82), I Lose The King Letter(Page-94), I Break Out The Prison (Page-110),I Do No Good In The House Of Gleys (Page-188),I Leave Joan And Ride To The Wars (Page-199), The Battle Of Stamford Heath (Page-209), I Meet With A Happy Adventure(Page-224),Joan Does Me Her Last Services(Page-241), The Adventure Of The Hearse(Page-257),The Adventure Of The Ledge (Page-273). | ||
| 600 |
_aQuiller-Couch, Arthur Thomas, Sir, _9107580 |
||
| 650 |
_aNovel _92525 |
||
| 942 |
_2ddc _cBK _k823,QUI |
||
| 999 |
_c186775 _d186775 |
||